| 000 | 00683nam a2200229 a 4500 | ||
|---|---|---|---|
| 003 | OSt | ||
| 005 | 20151026133602.0 | ||
| 008 | 991119s1999 spc|||||| 001 ||spa|d | ||
| 017 | _aDL B. 37205-1999 | ||
| 020 | _a8449307651 | ||
| 040 |
_bcat _cCDMR |
||
| 100 | 1 | _aMurray, Janet Horowitz | |
| 245 | 1 | 0 |
_aHamlet en la holocubierta _b: el futuro de la narrativa en el ciberespacio _cJanet H. Murray |
| 260 |
_aBarcelona [etc.] _bPaidós _ccop. 1999 |
||
| 300 |
_a330 p. _c24 cm |
||
| 500 | _aTítol original: Hamlet on the holodeck | ||
| 504 | _aBibliografia. Índexs | ||
| 650 | 0 | 4 | _aMultimèdia interactius |
| 650 | 0 | 4 | _aRealitat virtual |
| 650 | 0 | 4 |
_93251 _aWeb |
| 942 | _cMON | ||
| 999 |
_c6772 _d6772 |
||